|
|
|
|
| LEADER |
00000ny a22000003n 4500 |
| 005 |
20110621131913.0 |
| 008 |
091215s2008 it 000 0 ita d |
| 020 |
|
|
|a 9788884925237
|
| 035 |
|
|
|a 4761
|
| 040 |
|
|
|a BUS
|d vLex
|
| 090 |
|
|
|c 948
|d 948
|
| 100 |
1 |
|
|a Piemontese, Carmela
|
| 245 |
1 |
3 |
|a La riforma della legittima difesa e della recidiva tra teoria e prassi
|h [Recurso electrn̤ico]
|c Carmela Piemontese
|
| 256 |
|
|
|a Servicio en ln̕ea
|
| 260 |
|
|
|a Italia :
|b Edizioni Plus :
|b Universit ̀di Pisa,
|c 2008
|
| 300 |
|
|
|a p. ;
|c cm
|
| 506 |
1 |
|
|a Contenido solo disponible en los productos indicados
|d vLex Global
|d vLex Global (Academic Edition, excluding Law Schools)
|d vLex Global (U.S. Academic Edition, Law Schools)
|d vLex Global (U.S. Academic Edition, excluding Law Schools)
|d vLex Global (Academic Edition, Law Schools)
|
| 650 |
0 |
4 |
|a Legt̕ima defensa
|z Italia
|
| 710 |
2 |
|
|a Universit ̀di Pisa
|
| 740 |
0 |
|
|a vLex Libros (Servicios en ln̕ea)
|
| 856 |
4 |
0 |
|u http://vlex.com/source/4761
|z Acceso restringido
|
| 942 |
|
|
|c BOOK
|